<?xml version="1.0" encoding="UTF-8"?>
<record
    xmlns:xsi="http://www.w3.org/2001/XMLSchema-instance"
    xsi:schemaLocation="http://www.loc.gov/MARC21/slim http://www.loc.gov/standards/marcxml/schema/MARC21slim.xsd"
    xmlns="http://www.loc.gov/MARC21/slim">

  <leader>01555nam a22003497a 4500</leader>
  <controlfield tag="003">OSt</controlfield>
  <controlfield tag="005">20220531084010.0</controlfield>
  <controlfield tag="008">210324b 2017 dr       00| 0 eng d</controlfield>
  <datafield tag="040" ind1=" " ind2="4">
    <subfield code="a">DO-SdBNP</subfield>
    <subfield code="b">spa</subfield>
    <subfield code="c">BNPHU</subfield>
  </datafield>
  <datafield tag="082" ind1=" " ind2="4">
    <subfield code="a">343.0977293</subfield>
    <subfield code="b">I59a, 2008-2017</subfield>
    <subfield code="2">22</subfield>
  </datafield>
  <datafield tag="110" ind1=" " ind2="1">
    <subfield code="a">Instituto Dominicano de  Aviaci&#xF3;n Civil </subfield>
    <subfield code="9">78673</subfield>
  </datafield>
  <datafield tag="245" ind1="0" ind2="1">
    <subfield code="b">avances y consolidaci&#xF3;n /</subfield>
    <subfield code="a">Acuerdos interinstitucionales de la aviaci&#xF3;n civil de la Rep&#xFA;blica Dominicana : </subfield>
  </datafield>
  <datafield tag="260" ind1=" " ind2="2">
    <subfield code="a">Santo Domingo :</subfield>
    <subfield code="b">Instituto Dominicano de Aviaci&#xF3;n Civil (IDAC),</subfield>
    <subfield code="c">2017.</subfield>
  </datafield>
  <datafield tag="300" ind1=" " ind2="2">
    <subfield code="a">371 p. ;</subfield>
    <subfield code="b">il, : fot.</subfield>
    <subfield code="c">29 cm.</subfield>
  </datafield>
  <datafield tag="500" ind1=" " ind2=" ">
    <subfield code="a">Incluye &#xED;ndice tem&#xE1;tico</subfield>
  </datafield>
  <datafield tag="505" ind1=" " ind2=" ">
    <subfield code="a">Presentaci&#xF3;n</subfield>
  </datafield>
  <datafield tag="505" ind1=" " ind2=" ">
    <subfield code="a">Introducci&#xF3;n</subfield>
  </datafield>
  <datafield tag="505" ind1=" " ind2="1">
    <subfield code="a">Acuerdos interinstitucionales . IDAC - A&#xF1;o 2008 --</subfield>
  </datafield>
  <datafield tag="505" ind1=" " ind2="1">
    <subfield code="a">Acuerdos interinstitucionales . IDAC - A&#xF1;o 2009 --</subfield>
  </datafield>
  <datafield tag="505" ind1=" " ind2="1">
    <subfield code="a">Acuerdos interinstitucionales . IDAC - A&#xF1;o 2010 --</subfield>
  </datafield>
  <datafield tag="505" ind1=" " ind2="1">
    <subfield code="a">Acuerdos interinstitucionales . IDAC - A&#xF1;o 2011 --</subfield>
  </datafield>
  <datafield tag="505" ind1=" " ind2="1">
    <subfield code="a">Acuerdos interinstitucionales . IDAC - A&#xF1;o 2012 --</subfield>
  </datafield>
  <datafield tag="505" ind1=" " ind2="1">
    <subfield code="a">Acuerdos interinstitucionales . IDAC - A&#xF1;o 2013 --</subfield>
  </datafield>
  <datafield tag="505" ind1=" " ind2="1">
    <subfield code="a">Acuerdos interinstitucionales . IDAC - A&#xF1;o 2014 --</subfield>
  </datafield>
  <datafield tag="505" ind1=" " ind2="1">
    <subfield code="a">Acuerdos interinstitucionales . IDAC - A&#xF1;o 2015 --</subfield>
  </datafield>
  <datafield tag="505" ind1=" " ind2="1">
    <subfield code="a">Acuerdos interinstitucionales . IDAC - A&#xF1;o 2016 --</subfield>
  </datafield>
  <datafield tag="505" ind1=" " ind2="1">
    <subfield code="a">Acuerdos interinstitucionales . IDAC - A&#xF1;o 2017 --</subfield>
  </datafield>
  <datafield tag="590" ind1=" " ind2=" ">
    <subfield code="a">Inventariado, 2021 / SA.</subfield>
  </datafield>
  <datafield tag="650" ind1=" " ind2="4">
    <subfield code="a">Aviaci&#xF3;n comercial </subfield>
    <subfield code="9">78655</subfield>
    <subfield code="z">Rep&#xFA;blica Dominicana</subfield>
    <subfield code="x">Legislaci&#xF3;n</subfield>
    <subfield code="y">2008-2017</subfield>
  </datafield>
  <datafield tag="910" ind1=" " ind2=" ">
    <subfield code="a">Saquino/Validado. Control de calidad MFF</subfield>
  </datafield>
  <datafield tag="942" ind1=" " ind2=" ">
    <subfield code="2">ddc</subfield>
    <subfield code="c">LBS1</subfield>
  </datafield>
  <datafield tag="952" ind1=" " ind2=" ">
    <subfield code="0">0</subfield>
    <subfield code="1">0</subfield>
    <subfield code="2">ddc</subfield>
    <subfield code="5">1</subfield>
    <subfield code="7">1</subfield>
    <subfield code="8">MO</subfield>
    <subfield code="a">BNPHU</subfield>
    <subfield code="b">PD</subfield>
    <subfield code="c">HD</subfield>
    <subfield code="d">2021-05-25</subfield>
    <subfield code="e">Donado</subfield>
    <subfield code="l">0</subfield>
    <subfield code="o">BNPHU PD 343.7293097 I59a 2008-2017</subfield>
    <subfield code="p">2021-1325</subfield>
    <subfield code="r">2021-04-08</subfield>
    <subfield code="y">LBS1</subfield>
  </datafield>
  <datafield tag="999" ind1=" " ind2=" ">
    <subfield code="c">49674</subfield>
    <subfield code="d">49674</subfield>
  </datafield>
</record>
